000 02168cam a2200289 4500500
005 20260111092557.0
041 _afre
042 _adc
100 1 0 _aPidolle, Laurent
_eauthor
245 0 0 _aLa théologie de Léon le Grand sur la sacramentalité de l'épiscopat
260 _c2015.
500 _a86
520 _aLéon le Grand, évêque de Rome, cité dans l’enseignement de Vatican  ii sur la sacramentalité de l’épiscopat, entend son ministère comme le « sacrement du divin sacerdoce » du Christ. Cette étude développe l’union des dimensions sacramentelle et ministérielle des chefs d’Églises dans la figure de l’unique Prêtre, le Fils fait homme dans la forma servi et présent constamment à l’assemblée ecclésiale, autant auprès des fidèles laïcs que des fidèles pasteurs. La théologie de Léon intime la différence de nature et de modalité entre sacerdoce commun et hiérarchique, le second signifiant la tête devenue esclave au service du premier.
520 _aLeo the Great, bishop of Rome, quoted in the teaching of Vatican ii on the sacramentality of the episcopate, understands his ministry as the “sacrament of the divine priesthood” of Christ. This study develops the union of the sacramental and ministerial dimensions of Church leaders in the figure of the unique Priest, the Son made man in the forma servi and continually present in the ecclesial assembly just as much in the lay faithful as in the faithful pastors. The theology of Leo brings out the difference of nature and modality between the common and hierarchical priesthood, the latter signifying the head become a slave at the service of the former.
690 _aépiscopat
690 _aLéon le Grand
690 _asacerdoce
690 _asacramentalité
690 _aVatican II
690 _aepiscopate
690 _aLeo the Great
690 _apriesthood
690 _asacramentality
690 _aVatican II
786 0 _nNouvelle revue théologique | 137 | 1 | 2015-01-08 | p. 32-50 | 0029-4845
856 4 1 _uhttps://shs.cairn.info/revue-nouvelle-revue-theologique-2015-1-page-32?lang=fr&redirect-ssocas=7080
999 _c1623934
_d1623934